| 000 | 00344nam a2200133Ia 4500 | ||
|---|---|---|---|
| 008 | 231221s9999 xx 000 0 und d | ||
| 020 | _a978-1-4419-8462-3 | ||
| 041 | _aEnglish | ||
| 100 | _aCharu C. Aggarwal | ||
| 245 | 0 | _aSocial Network Data Analytics | |
| 260 |
_c2011 _bSpringer US _aNew York |
||
| 650 | _aComputer Science | ||
| 942 | _cEB | ||
| 999 |
_c218579 _d218579 |
||